000 00608nam a2200205Ia 4500
005 20260129101628.0
008 210716s2006 xx 000 0 und d
040 _cAIMIT LIBRARY
041 _aeng
082 _a658.1511
_21
_bJAWA
100 _aJawaharlal.
_965293
245 _aAccounting for management /
_cBy Jawaharlal.
250 _a1st ed.
260 _aMumbai :
_bHimalaya Publishing House ,
_c2006.
300 _a752p. ;
_bPB
_c23.5 cm.
650 _aInventory valuation
_965294
650 _aElements of cost
_965295
650 _aService costing
_965296
942 _2ddc
_cBK
_e1st
_k658.1511 JAWA
999 _c187650
_d187650